Introduction to data structures in c (Record no. 7983)

MARC details
000 -LEADER
fixed length control field 00302nam a2200121Ia 4500
008 - FIXED-LENGTH DATA ELEMENTS--GENERAL INFORMATION
fixed length control field 191201s2007 xx 000 0 und d
100 ## - MAIN ENTRY--PERSONAL NAME
Personal name KAMTHANE, Ashok N
245 #0 - TITLE STATEMENT
Title Introduction to data structures in c
250 ## - EDITION STATEMENT
Edition statement imp
260 ## - PUBLICATION, DISTRIBUTION, ETC. (IMPRINT)
Date of publication, distribution, etc 2007
Name of publisher, distributor, etc Pearson
Place of publication, distribution, etc NEW DELHI
300 ## - PHYSICAL DESCRIPTION
Extent 484
942 ## - ADDED ENTRY ELEMENTS (KOHA)
Source of classification or shelving scheme Dewey Decimal Classification
Koha item type Text Books
942 ## - ADDED ENTRY ELEMENTS (KOHA)
-- 11
Holdings
Withdrawn status Lost status Source of classification or shelving scheme Damaged status Not for loan Collection code Home library Current library Date acquired Source of acquisition Cost, normal purchase price Bill Number Total Checkouts Full call number Acc. no. / Barcode Date last seen Date last borrowed Actual Cost, discounted price Bill Date Koha item type
    Dewey Decimal Classification     BCA PIET C-LIBRARY PIET C-LIBRARY 15/05/2019 Kirti Prakashan 579.00 IN3880 4 005.133 KAI BC1296 21/09/2022 07/09/2022 393.72 15/05/2019 Text Books
    Dewey Decimal Classification     BCA PIET C-LIBRARY PIET C-LIBRARY 15/05/2019 Kirti Prakashan 579.00 IN3880 4 005.133 KAI BC1297 26/11/2025 19/11/2025 393.72 15/05/2019 Text Books
    Dewey Decimal Classification     BCA PIET C-LIBRARY PIET C-LIBRARY 15/05/2019 Kirti Prakashan 579.00 IN3880 1 005.133 KAI BC1298 08/02/2023 01/02/2023 393.72 15/05/2019 Text Books
    Dewey Decimal Classification     BCA PIET C-LIBRARY PIET C-LIBRARY 15/05/2019 Kirti Prakashan 579.00 IN3880 3 005.133 KAI BC1299 14/04/2022 05/04/2022 393.72 15/05/2019 Text Books
    Dewey Decimal Classification     BCA PIET C-LIBRARY PIET C-LIBRARY 15/05/2019 Kirti Prakashan 579.00 IN3880 2 005.133 KAI BC1300 07/06/2022 24/05/2022 393.72 15/05/2019 Text Books

Design & Developed by: PIET Central Library
R70 Miles Stone Pattikalyana Samalkha Panipat 132102
mail ID :- [email protected], Phone No:- 0180-2569700 Ex.216